[Event "Ontario op"]
[Site "Brantford CAN"]
[Date "2025.05.17"]
[Round "1"]
[White "Lu, Tony"]
[Black "Bai Li, Triston"]
[Result "1-0"]
[WhiteElo "2195"]
[BlackElo "1992"]
[WhiteFideId "-1"]
[WhiteFideId "-1"]
[PlyCount "51"]
[GameId "2180760414826549"]
[EventDate "2025.05.17"]
[EventType "swiss"]
[EventRounds "6"]
[EventCountry "CAN"]

1. e4 e6 2. d4 d5 3. e5 c5 4. c3 Nc6 5. Nf3 Qb6 6. a3 cxd4 7. cxd4 Nge7 8. Bd3 Bd7 9. Bc2 Rc8 10. Nc3 Na5 11. O-O Nc4 12. Rb1 Qc7 13. Bd3 b5 14. Ne2 Nc6 15. Ng3 a5 16. Be3 a4 17. Nh5 N6a5 18. Ng5 h6 19. Nh7 Nb3 20. Qg4 Ncd2 21. Nxf8 Nxf1 22. Rxf1 Ke7 23. Nxd7 Qxd7 24. Qxg7 Rcg8 25. Qf6+ Ke8 26. Qxh8 1-0

[Event "Ontario op"]
[Site "Brantford CAN"]
[Date "2025.05.17"]
[Round "1"]
[White "Murali, Dhruv"]
[Black "Moses, Neil"]
[Result "1/2-1/2"]
[WhiteElo "2063"]
[BlackElo "2321"]
[WhiteFideId "-1"]
[WhiteFideId "-1"]
[PlyCount "127"]
[GameId "2180363438825536"]
[EventDate "2025.05.17"]
[EventType "swiss"]
[EventRounds "6"]
[EventCountry "CAN"]

1. b3 e5 2. Bb2 Nc6 3. e3 Nf6 4. Bb5 Qe7 5. Nf3 e4 6. Nd4 Qe5 7. Bxc6 dxc6 8. Nc3 Qg5 9. Rg1 Bd6 10. g3 Bg4 11. Nde2 Qh5 12. h4 Be5 13. d4 exd3 14. cxd3 O-O-O 15. Qc2 Qf5 16. Rd1 Rhe8 17. Na4 Bxb2 18. Nxb2 Qa5+ 19. Qd2 Qxa2 20. Qc3 Ne4 21. dxe4 Rxd1+ 22. Kxd1 Qb1+ 23. Kd2 Rd8+ 24. Nd3 Qa2+ 25. Qc2 Qxc2+ 26. Kxc2 Bxe2 27. Nf4 Bf3 28. e5 Re8 29. Ra1 Kb8 30. Nd3 Be4 31. f4 Rd8 32. Rd1 Bf5 33. Kc3 Bxd3 34. Rxd3 Kc8 35. g4 c5 36. g5 a5 37. h5 Re8 38. Kc4 b6 39. Kb5 Re6 40. Rd2 f6 41. exf6 gxf6 42. g6 hxg6 43. hxg6 Rxe3 44. Rg2 Kb7 45. Ka4 Re4+ 46. Ka3 Re8 47. f5 Kc6 48. Rd2 b5 49. Rd1 a4 50. bxa4 Ra8 51. Re1 Rxa4+ 52. Kb2 Rg4 53. Re6+ Kd5 54. Rxf6 b4 55. Rf7 Kc4 56. Rxc7 Rg2+ 57. Kb1 Rg1+ 58. Kb2 b3 59. g7 Rg2+ 60. Kb1 Rg1+ 61. Kb2 Rg2+ 62. Kb1 Rg1+ 63. Kb2 Rg2+ 64. Kb1 1/2-1/2

[Event "Ontario op"]
[Site "Brantford CAN"]
[Date "2025.05.17"]
[Round "1"]
[White "Pan, Julian"]
[Black "Maulucci, Anthony"]
[Result "1-0"]
[WhiteElo "1950"]
[BlackElo "2126"]
[WhiteFideId "-1"]
[WhiteFideId "-1"]
[PlyCount "93"]
[GameId "2180806323236990"]
[EventDate "2025.05.17"]
[EventType "swiss"]
[EventRounds "6"]
[EventCountry "CAN"]

1. e4 e6 2. d4 d5 3. exd5 exd5 4. Bd3 Bd6 5. h3 Ne7 6. Nf3 Nbc6 7. c3 Bf5 8. O-O Qd7 9. Re1 O-O-O 10. Na3 Bxa3 11. bxa3 f6 12. Rb1 g5 13. Nh2 Bxd3 14. Qxd3 a6 15. Re2 Qf5 16. Qxf5+ Nxf5 17. Bd2 h5 18. Rbe1 Rhf8 19. Nf1 Kd7 20. f3 Rde8 21. Rxe8 Rxe8 22. Rxe8 Kxe8 23. Kf2 Na5 24. Bc1 Nc4 25. Ke2 Kd7 26. Kd3 Kc6 27. Kc2 Kb5 28. g4 hxg4 29. fxg4 Nfd6 30. Ng3 Ka4 31. Nh5 Ne4 32. Nxf6 Nxf6 33. Bxg5 Nxa3+ 34. Kd3 Ne4 35. Be3 Nc4 36. h4 Ncd6 37. g5 Ng3 38. Bf4 Nh5 39. Bxd6 cxd6 40. Ke3 Ng7 41. Kf4 Kb5 42. Kg4 Kc6 43. h5 Ne6 44. h6 Nf8 45. Kf5 Kd7 46. g6 Ke7 47. h7 1-0

[Event "Ontario op"]
[Site "Brantford CAN"]
[Date "2025.05.17"]
[Round "1"]
[White "Singh Dhaliwal, Jaipreet"]
[Black "Huang, Patrick"]
[Result "1/2-1/2"]
[WhiteElo "2275"]
[BlackElo "2046"]
[WhiteFideId "-1"]
[WhiteFideId "-1"]
[PlyCount "83"]
[GameId "2180377237520492"]
[EventDate "2025.05.17"]
[EventType "swiss"]
[EventRounds "6"]
[EventCountry "CAN"]

{[%evp 0,83,17,20,11,22,21,31,25,26,26,30,17,16,21,25,23,28,19,16,27,24,24,12,26,-6,-6,0,0,0,-7,-12,-3,-56,-56,-54,-57,-71,-47,-88,-97,-111,-100,-83,-6,-8,67,8,9,12,21,17,-7,-16,-32,-45,113,135,127,-73,-59,-54,3,-124,-213,-379,-253,-230,-191,-191,-75,-76,-62,-447,-110,-128,-238,-375,-127,-221,-205,-432,-111,-98,-97,-368]} 1. e4 c5 2. Nf3 d6 3. d4 cxd4 4. Nxd4 Nf6 5. Nc3 a6 6. Be3 e5 7. Nb3 Be7 8. f3 Be6 9. Qd2 h5 10. O-O-O Nbd7 11. Kb1 Rc8 12. g3 b5 13. Nd5 Nxd5 14. exd5 Bf5 15. Rc1 Nb6 16. Bxb6 Qxb6 17. Bd3 Bd7 18. f4 f5 19. fxe5 dxe5 20. c4 O-O 21. Rhd1 Kh7 22. Qe2 e4 23. Qxh5+ Qh6 24. Qxh6+ Kxh6 25. Bf1 bxc4 26. Bxc4 Rf6 27. Bf1 g5 28. Rxc8 Bxc8 29. Bg2 e3 30. Nd4 Bc5 31. Kc2 f4 32. Nf3 Bf5+ 33. Kc3 Be4 34. g4 Rd6 35. Kc4 Bb6 36. b4 Bc2 37. Re1 Be4 38. Rd1 Bc2 39. Re1 Be4 40. Rd1 Bc2 41. Rc1 Be4 42. Rd1 1/2-1/2

[Event "Ontario op"]
[Site "Brantford CAN"]
[Date "2025.05.17"]
[Round "1"]
[White "Thong Nguyen, Minh"]
[Black "Kola, Venkat Karthikeya R"]
[Result "0-1"]
[WhiteElo "1971"]
[BlackElo "2159"]
[WhiteFideId "-1"]
[WhiteFideId "-1"]
[PlyCount "158"]
[GameId "2180783302828124"]
[EventDate "2025.05.17"]
[EventType "swiss"]
[EventRounds "6"]
[EventCountry "CAN"]

{[%evp 0,76,14,41,12,21,21,26,16,17,29,30,16,17,35,-52,37,29,13,0,65,60,54,54,59,18,62,52,66,30,56,37,-50,46,54,38,-83,44,41,18,-15,17,26,20,35,0,83,-25,-74,-1,-5,-119,15,-44,-107,-39,-62,-50,-91,-54,-62,-34,-11,-1,1,-1,1,23,5,37,32,-29,-33,-21,-24,-82,1,-97,-87]} 1. d4 Nf6 2. c4 e6 3. Nf3 d5 4. g3 Be7 5. Bg2 O-O 6. O-O c6 7. Qc2 Nbd7 8. Nbd2 b6 9. e4 dxe4 10. Nxe4 Nxe4 11. Qxe4 Bb7 12. Re1 Nf6 13. Qe2 Qc7 14. b3 Rfe8 15. Bb2 Rad8 16. Nd2 Ba6 17. Ne4 Nxe4 18. Qxe4 Bb7 19. Rac1 Bf6 20. Ba1 h6 21. c5 Rd7 22. b4 Red8 23. Red1 bxc5 24. Rxc5 Qb6 25. Bh3 Rd5 26. Bf1 Ba6 27. Bxa6 Qxa6 28. Qc2 R5d6 29. a4 Qb7 30. Bc3 e5 31. b5 exd4 32. bxc6 Rxc6 33. Bxd4 Rxc5 34. Bxc5 Re8 35. Qf5 Qc6 36. Be3 Qxa4 37. Qf3 a5 38. Rb1 Qe4 39. Qxe4 Rxe4 40. Rb5 Ra4 41. Bd2 Ra1+ 42. Kg2 a4 43. Ra5 a3 44. h4 h5 45. Bb4 a2 46. Bd2 Bb2 47. Be3 f6 48. Kf3 Kf7 49. Ra6 Kg6 50. Ke4 Be5 51. Ra7 Bd6 52. Ra5 Bc7 53. Ra6 Kh7 54. Kf5 Rf1 55. Rxa2 Bxg3 56. Ra4 Bxf2 57. Rf4 Re1 58. Rxf2 Rxe3 59. Ra2 Rf3+ 60. Ke6 Rf4 61. Ra8 Rxh4 62. Kf5 Rh1 63. Kf4 Kg6 64. Ra5 Rg1 65. Kf3 h4 66. Kf2 Rg5 67. Ra3 Kh5 68. Ra8 h3 69. Rh8+ Kg4 70. Kg1 Ra5 71. Rb8 f5 72. Kh2 Ra2+ 73. Kh1 f4 74. Rb3 g5 75. Rc3 Kh4 76. Rb3 g4 77. Rb4 Kg3 78. Rb3+ f3 79. Rb1 Rh2+ 0-1

[Event "Ontario op"]
[Site "Brantford CAN"]
[Date "2025.05.17"]
[Round "1"]
[White "Zhang, Daniel"]
[Black "Russell, Wesley"]
[Result "1/2-1/2"]
[WhiteElo "2135"]
[BlackElo "1969"]
[WhiteFideId "-1"]
[WhiteFideId "-1"]
[PlyCount "102"]
[GameId "2180792694636657"]
[EventDate "2025.05.17"]
[EventType "swiss"]
[EventRounds "6"]
[EventCountry "CAN"]

1. e4 c6 2. d4 d5 3. Nc3 dxe4 4. Nxe4 Nf6 5. Nxf6+ exf6 6. c3 Bd6 7. Bd3 O-O 8. Qc2 Re8+ 9. Ne2 h5 10. Bd2 Be6 11. c4 Nd7 12. O-O-O Nf8 13. Kb1 Rc8 14. Ng3 g6 15. Ne4 Be7 16. Be3 f5 17. Nc5 Bxc5 18. dxc5 Qe7 19. Qc3 Nd7 20. Qa3 Ne5 21. Qc3 Nxd3 22. Bh6 f6 23. Rxd3 Kh7 24. Bf4 Rcd8 25. Rd6 Rxd6 26. cxd6 Qf7 27. b3 c5 28. h4 b6 29. Rd1 Rd8 30. Qe3 Re8 31. Qc3 Rd8 32. Bc1 Bd7 33. Re1 Re8 34. Rxe8 Bxe8 35. Qe3 Bc6 36. f3 Qe8 37. Qd2 Qf7 38. a3 Kg8 39. Qd3 Qe6 40. b4 a6 41. Be3 cxb4 42. axb4 b5 43. c5 Kf7 44. Kb2 Qd5 45. Bd4 Qe6 46. Qd2 Kg7 47. Bc3 Bd5 48. Qd4 Bc6 49. Kc2 Qa2+ 50. Bb2 Qe6 51. Kd2 Kf7 1/2-1/2

[Event "Ontario op"]
[Site "Brantford CAN"]
[Date "2025.05.17"]
[Round "1"]
[White "Zhou Chen, Larry"]
[Black "Mao, Fengxi"]
[Result "0-1"]
[WhiteElo "2066"]
[BlackElo "2404"]
[WhiteFideId "-1"]
[WhiteFideId "-1"]
[PlyCount "36"]
[GameId "2180358312722970"]
[EventDate "2025.05.17"]
[EventType "swiss"]
[EventRounds "6"]
[EventCountry "CAN"]

1. d4 d5 2. c4 e6 3. Nc3 Nf6 4. Bg5 dxc4 5. e3 c5 6. Nf3 Nc6 7. Ne5 cxd4 8. Nxc6 bxc6 9. Qxd4 Qxd4 10. exd4 Ba6 11. Rc1 Rb8 12. b3 Ba3 13. Rb1 Bb4 14. Bd2 Nd5 15. Ne4 c3 16. Bxa6 cxd2+ 17. Kf1 f5 18. a3 fxe4 0-1

[Event "Ontario op"]
[Site "Brantford CAN"]
[Date "2025.05.17"]
[Round "1.2"]
[White "Liang, Jason"]
[Black "Malakar, Saarthak"]
[Result "1-0"]
[WhiteElo "2378"]
[BlackElo "1901"]
[WhiteFideId "-1"]
[WhiteFideId "-1"]
[PlyCount "69"]
[GameId "2178479537807360"]
[EventDate "2025.05.17"]
[EventType "swiss"]
[EventRounds "6"]
[EventCountry "CAN"]

1. e4 c6 2. d4 d5 3. e5 Bf5 4. Nf3 e6 5. Be2 c5 6. c3 Nc6 7. O-O Qb6 8. dxc5 Bxc5 9. b4 Be7 10. Be3 Qc7 11. b5 Na5 12. Qa4 b6 13. c4 dxc4 14. Rc1 Rc8 15. Bd2 c3 16. Nxc3 Bc5 17. Ne4 Bxe4 18. Qxe4 Ne7 19. h4 Nf5 20. Qf4 Rd8 21. g4 Ne7 22. h5 h6 23. Kg2 Nd5 24. Qe4 Qe7 25. Rab1 Nb7 26. Rc2 Rd7 27. Bc4 Na5 28. Bd3 Nb7 29. Kg3 Qd8 30. Bc4 Na5 31. Bxa5 bxa5 32. Bxd5 Rxd5 33. Rbc1 Qb6 34. Rxc5 Rxc5 35. Rxc5 1-0

[Event "Ontario op"]
[Site "Brantford CAN"]
[Date "2025.05.17"]
[Round "1.3"]
[White "Li, Hongyi"]
[Black "Atanasov, Anthony"]
[Result "0-1"]
[WhiteElo "2078"]
[BlackElo "2402"]
[WhiteFideId "-1"]
[WhiteFideId "-1"]
[PlyCount "38"]
[GameId "2178479537815552"]
[EventDate "2025.05.17"]
[EventType "swiss"]
[EventRounds "6"]
[EventCountry "CAN"]

1. e4 c5 2. Nf3 Nc6 3. d4 cxd4 4. Nxd4 g6 5. Nc3 Bg7 6. Be3 Nf6 7. Nb3 O-O 8. f3 a5 9. Na4 d6 10. Nb6 Rb8 11. Qd2 Nd7 12. Nxd7 Bxd7 13. Bb5 a4 14. Nc1 a3 15. c3 Qa5 16. Bxc6 axb2 17. Qxb2 bxc6 18. Nb3 Bxc3+ 19. Bd2 Bxb2 0-1

[Event "Ontario op"]
[Site "Brantford CAN"]
[Date "2025.05.17"]
[Round "1.4"]
[White "Vettese, Nicholas"]
[Black "Pitre, Lucas"]
[Result "1-0"]
[WhiteElo "2369"]
[BlackElo "1789"]
[WhiteFideId "-1"]
[WhiteFideId "-1"]
[PlyCount "63"]
[GameId "2178479537815552"]
[EventDate "2025.05.17"]
[EventType "swiss"]
[EventRounds "6"]
[EventCountry "CAN"]

1. c4 d6 2. d4 e5 3. Nc3 exd4 4. Qxd4 Nc6 5. Qd2 Nf6 6. b3 Bf5 7. f3 Be7 8. e4 Bc8 9. Bb2 O-O 10. Bd3 Ne5 11. Bc2 c6 12. f4 Ng6 13. Nf3 Nh5 14. g3 Bh3 15. O-O-O a5 16. Kb1 a4 17. Nxa4 b5 18. cxb5 cxb5 19. Nc3 b4 20. Nd5 Qa5 21. f5 Qxa2+ 22. Kc1 Nf6 23. fxg6 Nxd5 24. gxh7+ Kh8 25. Qxd5 Ra5 26. Qb7 Bf6 27. Bxf6 gxf6 28. Kd2 Bg2 29. Qe7 Kg7 30. Qxf8+ Kxf8 31. h8=Q+ Ke7 32. Ra1 1-0

[Event "Ontario op"]
[Site "Brantford CAN"]
[Date "2025.05.17"]
[Round "1.5"]
[White "Wu, Nolan"]
[Black "Plotkin, Mark"]
[Result "0-1"]
[WhiteElo "1873"]
[BlackElo "2350"]
[WhiteFideId "-1"]
[WhiteFideId "-1"]
[PlyCount "68"]
[GameId "2178479537823744"]
[EventDate "2025.05.17"]
[EventType "swiss"]
[EventRounds "6"]
[EventCountry "CAN"]

1. e4 g6 2. d4 Bg7 3. Nc3 d6 4. Be3 a6 5. Qd2 b5 6. h4 h5 7. Nh3 Bxh3 8. Rxh3 Nf6 9. f3 Nbd7 10. O-O-O c5 11. dxc5 dxc5 12. e5 Nxe5 13. Qxd8+ Rxd8 14. Rxd8+ Kxd8 15. Bxc5 Nc6 16. Be3 Kc7 17. Be2 Rd8 18. a3 Nd7 19. Ne4 Bd4 20. Bxd4 Nxd4 21. Bd1 Ne5 22. Rh1 Nf5 23. Re1 Nxh4 24. Ng5 Rd5 25. g3 Nf5 26. f4 f6 27. Ne6+ Kd7 28. Nf8+ Ke8 29. Nh7 Nd7 30. g4 hxg4 31. Bxg4 Rd4 32. Bf3 Kf7 33. Be4 Nc5 34. Bxf5 gxf5 0-1

[Event "Ontario op"]
[Site "Brantford CAN"]
[Date "2025.05.17"]
[Round "2"]
[White "Bai Li, Triston"]
[Black "Zhou Chen, Larry"]
[Result "0-1"]
[WhiteElo "1992"]
[BlackElo "2066"]
[WhiteFideId "-1"]
[WhiteFideId "-1"]
[PlyCount "62"]
[GameId "2182846559343929"]
[EventDate "2025.05.17"]
[EventType "swiss"]
[EventRounds "6"]
[EventCountry "CAN"]

1. e4 c6 2. d4 d5 3. Nc3 dxe4 4. Nxe4 Nd7 5. Nf3 Ngf6 6. Nxf6+ Nxf6 7. c3 Bg4 8. Bc4 e6 9. h3 Bh5 10. Bf4 Bd6 11. Bxd6 Qxd6 12. g4 Bg6 13. Ne5 Be4 14. f3 Bd5 15. Bd3 c5 16. Qa4+ Ke7 17. g5 Nh5 18. c4 cxd4 19. cxd5 Qxe5+ 20. Kd1 Qxd5 21. Qb4+ Ke8 22. Be4 Qd7 23. Rc1 f5 24. Bxb7 Rb8 25. Qc4 Rxb7 26. Qc8+ Kf7 27. Qxh8 Qa4+ 28. Ke1 Qa5+ 29. Kf1 Ng3+ 30. Kg2 Rxb2+ 31. Kxg3 Qe5+ 0-1

[Event "Ontario op"]
[Site "Brantford CAN"]
[Date "2025.05.17"]
[Round "2"]
[White "Belanger, Colton"]
[Black "Wu, Nolan"]
[Result "1-0"]
[WhiteElo "2013"]
[BlackElo "2076"]
[WhiteFideId "-1"]
[WhiteFideId "-1"]
[PlyCount "55"]
[GameId "2182725073391699"]
[EventDate "2025.05.17"]
[EventType "swiss"]
[EventRounds "6"]
[EventCountry "CAN"]

{[%evp 0,55,11,21,14,-32,18,-2,19,23,17,22,13,1,13,-3,3,-3,29,47,33,22,57,81,87,87,115,95,156,150,196,176,5,215,218,104,199,229,245,-3,119,88,124,168,124,230,201,165,541,572,550,280,580,651,1093,1110,1654,1015]} 1. e4 c5 2. Nf3 d6 3. d4 cxd4 4. Nxd4 Nf6 5. Nc3 g6 6. f4 Nc6 7. Be2 Bg7 8. Be3 Qa5 9. Nb3 Qc7 10. g4 a6 11. g5 Nd7 12. Qd2 b5 13. Nd5 Qb8 14. O-O-O b4 15. f5 a5 16. f6 exf6 17. Nxf6+ Ke7 18. Nd4 Nxd4 19. Nd5+ Kf8 20. Bxd4 Ne5 21. Nb6 Be6 22. Nxa8 Qxa8 23. Bb6 Qxe4 24. Qxd6+ Kg8 25. Qd8+ Bf8 26. Bc5 Nd7 27. Rxd7 Qxh1+ 28. Rd1 1-0

[Event "Ontario op"]
[Site "Brantford CAN"]
[Date "2025.05.17"]
[Round "2"]
[White "Huang, Justin"]
[Black "Harms, Reece"]
[Result "1-0"]
[Annotator "GMPat"]
[WhiteElo "1916"]
[BlackElo "2054"]
[WhiteFideId "-1"]
[WhiteFideId "-1"]
[PlyCount "97"]
[GameId "2182894161012166"]
[EventDate "2025.05.17"]
[EventType "swiss"]
[EventRounds "6"]
[EventCountry "CAN"]

{[%evp 0,34,22,30,13,23,24,17,21,10,2,4,15,10,9,16,7,14,20,24,23,32,13,19,25,9,78,-68,61,-9,82,32,302,-105,213,59,89]} 1. d4 Nf6 2. c4 e6 3. Nf3 d5 4. e3 c5 5. cxd5 exd5 6. Bb5+ Bd7 7. Bxd7+ Nbxd7 8. dxc5 Nxc5 9. O-O Bd6 10. Nc3 O-O 11. Nb5 Re8 12. b3 Be5 13. Nbd4 Bd6 14. Bb2 Qd7 15. Rc1 Re4 16. Ne2 Rg4 17. Ne5 Rh4 18. Rxc5 Qe7 19. Nf3 Bxh2+ 20. Nxh2 Qxc5 21. Bxf6 gxf6 22. Nd4 Rh6 23. Nhf3 Qc8 24. Qd3 Rh5 25. Ne2 Qg4 26. Ng3 Rh6 27. Qxd5 Re8 28. Rc1 b6 29. Rc7 Qg6 30. Qf5 Qxf5 31. Nxf5 Rh5 32. g4 Rxf5 33. gxf5 Rd8 34. Rxa7 Rd5 35. Nd4 Rc5 36. Rb7 h5 37. Rxb6 Kg7 38. Rc6 Re5 39. Rc4 Kh6 40. a4 Rd5 41. b4 Rd8 42. b5 Rd6 43. a5 Rd8 44. b6 h4 45. b7 h3 46. Rc8 h2+ 47. Kxh2 Rh8 48. Rxh8+ Kg7 49. Rh7+ 1-0

[Event "Ontario op"]
[Site "Brantford CAN"]
[Date "2025.05.17"]
[Round "2"]
[White "Huang, Patrick"]
[Black "Aaroh Mutyalapati, Modith"]
[Result "1-0"]
[WhiteElo "2046"]
[BlackElo "2159"]
[WhiteFideId "-1"]
[WhiteFideId "-1"]
[PlyCount "77"]
[GameId "2182232755691593"]
[EventDate "2025.05.17"]
[EventType "swiss"]
[EventRounds "6"]
[EventCountry "CAN"]

{[%evp 0,77,17,34,32,18,21,7,-38,14,36,31,31,34,41,-45,23,30,50,24,28,34,26,28,18,21,31,18,52,43,41,-11,-58,-10,-164,-10,59,70,62,127,185,307,272,344,187,211,275,275,402,346,447,436,432,368,418,445,358,383,211,354,174,399,394,324,348,412,404,424,400,414,366,381,413,87,431,511,642,401,740,563]} 1. d4 e6 2. c4 Nf6 3. g3 d5 4. Bg2 Bd6 5. Nf3 O-O 6. O-O b6 7. cxd5 exd5 8. Nc3 Bb7 9. Nb5 Be7 10. Bf4 Na6 11. Rc1 c6 12. Nc3 c5 13. a3 Ne4 14. Qa4 Rc8 15. Nb5 Qe8 16. Rfe1 g5 17. Be3 Bc6 18. Qxa6 Bxb5 19. Qxa7 Ra8 20. Qxb6 Bd8 21. Qh6 Ra6 22. Qh5 Rg6 23. Ne5 Nf6 24. Qf3 Rg7 25. Qf5 Ne4 26. Bxe4 dxe4 27. dxc5 f6 28. Nc4 Bd7 29. Qd5+ Be6 30. Qxe4 f5 31. Qg2 f4 32. Bd4 Rg6 33. Nd6 Qd7 34. Qb7 Bc7 35. Red1 fxg3 36. hxg3 Rh6 37. Qe4 Bb3 38. Rd3 Be6 39. b4 1-0

[Event "Ontario op"]
[Site "Brantford CAN"]
[Date "2025.05.17"]
[Round "2"]
[White "Kapra, Jerjis"]
[Black "Pan, Julian"]
[Result "1-0"]
[WhiteElo "2270"]
[BlackElo "1950"]
[WhiteFideId "-1"]
[WhiteFideId "-1"]
[PlyCount "100"]
[GameId "2181485345240497"]
[EventDate "2025.05.17"]
[EventType "swiss"]
[EventRounds "6"]
[EventCountry "CAN"]

{[%evp 0,61,18,33,17,1,6,0,24,37,30,8,23,18,21,22,24,17,16,28,31,47,58,3,12,16,55,0,39,17,77,24,67,17,2,9,53,17,69,136,63,53,1,64,88,99,42,225,100,74,74,78,21,84,109,117,165,122,129,153,137,210,269,192]} 1. Nf3 d5 2. e3 c5 3. c4 Nf6 4. cxd5 Nxd5 5. Nc3 Nc6 6. Bb5 e6 7. O-O Be7 8. Ne5 Bd7 9. Nxc6 Bxc6 10. Bxc6+ bxc6 11. Qa4 Qd7 12. Rd1 Nb6 13. Qc2 O-O 14. d3 f5 15. d4 cxd4 16. exd4 Nd5 17. Nxd5 exd5 18. Bf4 Bd6 19. Bxd6 Qxd6 20. Rac1 Rf6 21. Re1 Raf8 22. Qc5 Qxc5 23. Rxc5 R8f7 24. b3 Kf8 25. Rec1 Re7 26. Kf1 Re4 27. Rxc6 Rxd4 28. Rxf6+ gxf6 29. Rc7 a5 30. Ra7 h6 31. Ke2 f4 32. f3 Ke8 33. Rxa5 Ke7 34. Ra4 Rxa4 35. bxa4 Kd6 36. Kd3 Kc5 37. a5 Kb5 38. Kd4 Kxa5 39. Kxd5 Ka4 40. Ke6 Ka3 41. Kxf6 Kxa2 42. Kf5 Kb3 43. Kxf4 Kc3 44. g4 Kd4 45. h4 Kd5 46. Kf5 Kd6 47. Kf6 Kd7 48. Kf7 Kd6 49. g5 hxg5 50. hxg5 Ke5 1-0

[Event "Ontario op"]
[Site "Brantford CAN"]
[Date "2025.05.17"]
[Round "2"]
[White "Kola, Venkat Karthikeya R"]
[Black "Jaferian, Koosha"]
[Result "1/2-1/2"]
[WhiteElo "2159"]
[BlackElo "2467"]
[WhiteFideId "-1"]
[WhiteFideId "-1"]
[PlyCount "131"]
[GameId "2181140889284672"]
[EventDate "2025.05.17"]
[EventType "swiss"]
[EventRounds "6"]
[EventCountry "CAN"]

1. d4 Nf6 2. c4 e6 3. Nc3 Bb4 4. e3 O-O 5. Nf3 d5 6. Bd2 b6 7. cxd5 exd5 8. Rc1 a6 9. Bd3 Bb7 10. Ne5 Bd6 11. O-O c5 12. f4 Nc6 13. Be1 Ne7 14. Qf3 Ne8 15. Qh3 Nf6 16. Qf3 Ng6 17. g4 Qe7 18. g5 Ne4 19. Nxd5 Bxd5 20. Bxe4 Bxe4 21. Qxe4 Rfe8 22. Qf3 Rac8 23. Bf2 cxd4 24. exd4 Qe6 25. Bg3 Qxa2 26. Nd3 Qa4 27. Qd5 Rcd8 28. b3 Qd7 29. f5 Ne7 30. Qxd6 Qxd6 31. Bxd6 Rxd6 32. Rf4 Nd5 33. Re4 Red8 34. Kf2 f6 35. Rg1 fxg5 36. Rxg5 Kf8 37. Re6 Nf6 38. Rxd6 Rxd6 39. Ke3 h6 40. Rg1 Rd5 41. Ne5 Rb5 42. Rb1 Ke7 43. Kd3 Ne8 44. b4 a5 45. Ra1 axb4 46. Ra7+ Kf6 47. Ke4 Kg5 48. h4+ Kxh4 49. Ra1 Nf6+ 50. Kf4 Nd5+ 51. Ke4 Nc3+ 52. Kf4 Ne2+ 53. Ke3 Ng3 54. Kf4 Nh5+ 55. Ke4 Kg3 56. Ke3 Nf4 57. Rg1+ Ng2+ 58. Kd3 Rd5 59. Rb1 b5 60. Ke4 Rd6 61. Rxb4 h5 62. Rb3+ Kf2 63. Rb2+ Kg3 64. Rb3+ Kf2 65. Rb2+ Kg3 66. Rb3+ 1/2-1/2

[Event "Ontario op"]
[Site "Brantford CAN"]
[Date "2025.05.17"]
[Round "2"]
[White "Li, William"]
[Black "Loadman, Ian"]
[Result "1-0"]
[WhiteElo "2284"]
[BlackElo "2063"]
[WhiteFideId "-1"]
[WhiteFideId "-1"]
[PlyCount "63"]
[GameId "2181382458773686"]
[EventDate "2025.05.17"]
[EventType "swiss"]
[EventRounds "6"]
[EventCountry "CAN"]

1. d4 Nf6 2. c4 g6 3. f3 Bg7 4. e4 d6 5. Nc3 O-O 6. Nge2 a6 7. Ng3 c5 8. d5 e6 9. a4 Re8 10. Be2 exd5 11. cxd5 Nbd7 12. O-O Qc7 13. f4 Rb8 14. e5 dxe5 15. f5 c4 16. Be3 b5 17. axb5 axb5 18. Ra7 Rb7 19. Nxb5 Qb8 20. Rxb7 Bxb7 21. Nc3 Ba8 22. Qd2 Qb4 23. fxg6 hxg6 24. Ra1 Nc5 25. Nce4 Qxd2 26. Nxd2 Nb3 27. Nxb3 cxb3 28. d6 Bd5 29. Bb6 Be6 30. Bc7 Bf8 31. Bb5 Bd7 32. Ne4 1-0

[Event "Ontario op"]
[Site "Brantford CAN"]
[Date "2025.05.17"]
[Round "2"]
[White "Lin, Austin"]
[Black "Li, Hongyi"]
[Result "0-1"]
[WhiteElo "2030"]
[BlackElo "2078"]
[WhiteFideId "-1"]
[WhiteFideId "-1"]
[PlyCount "52"]
[GameId "2190954202604549"]
[EventDate "2025.05.17"]
[EventType "swiss"]
[EventRounds "6"]
[EventCountry "CAN"]

1. e4 c5 2. Nf3 Nc6 3. Bb5 e6 4. O-O Nge7 5. c3 a6 6. Bxc6 bxc6 7. d4 cxd4 8. cxd4 Ng6 9. Nc3 Be7 10. Be3 d5 11. e5 O-O 12. Na4 f6 13. Rc1 fxe5 14. dxe5 Bd7 15. Re1 Bb4 16. Bd2 Bxd2 17. Nxd2 Rb8 18. Nf3 Rb4 19. g3 Rxf3 20. Qxf3 Rxa4 21. a3 Qf8 22. Qb3 Rg4 23. Qb7 Be8 24. Qxa6 Nh4 25. Re3 d4 26. Re2 Qf3 0-1

[Event "Ontario op"]
[Site "Brantford CAN"]
[Date "2025.05.17"]
[Round "2"]
[White "Malakar, Saarthak"]
[Black "Deshpande, Sarthak"]
[Result "1/2-1/2"]
[WhiteElo "2081"]
[BlackElo "2035"]
[WhiteFideId "-1"]
[WhiteFideId "-1"]
[PlyCount "69"]
[GameId "2182588145689797"]
[EventDate "2025.05.17"]
[EventType "swiss"]
[EventRounds "6"]
[EventCountry "CAN"]

1. d4 d5 2. Nf3 Nf6 3. g3 Bf5 4. Bg2 e6 5. c4 c6 6. Nc3 Nbd7 7. Qb3 Qb6 8. c5 Qxb3 9. axb3 Ne4 10. Nh4 Nxc3 11. bxc3 Bc2 12. b4 Be7 13. Ra2 Bb3 14. Ra3 Bc4 15. Nf3 O-O 16. Bf4 b6 17. Nd2 Bb5 18. O-O Bxe2 19. Rfa1 a6 20. cxb6 Nxb6 21. Bf1 Bb5 22. Bc7 Nc4 23. Bxc4 dxc4 24. Ne4 f5 25. Nd2 Rac8 26. Bb6 Bf6 27. Re1 Rfe8 28. f4 Rb8 29. Bc7 Rb7 30. Be5 Rd7 31. Nf3 Kf7 32. Ra2 Red8 33. Rae2 Ra8 34. Ra2 Rda7 35. Bd6 1/2-1/2

[Event "Ontario op"]
[Site "Brantford CAN"]
[Date "2025.05.17"]
[Round "2"]
[White "Mao, Fengxi"]
[Black "Lu, Tony"]
[Result "1-0"]
[WhiteElo "2404"]
[BlackElo "2195"]
[WhiteFideId "-1"]
[WhiteFideId "-1"]
[PlyCount "75"]
[GameId "2181149094408266"]
[EventDate "2025.05.17"]
[EventType "swiss"]
[EventRounds "6"]
[EventCountry "CAN"]

1. Nf3 d5 2. b3 Bf5 3. Bb2 e6 4. c4 Nf6 5. g3 c6 6. Bg2 Nbd7 7. O-O Be7 8. d3 h6 9. Nbd2 O-O 10. a3 a5 11. Qb1 Bh7 12. b4 Bd6 13. cxd5 cxd5 14. Bc3 a4 15. Qb2 e5 16. Nxe5 Nxe5 17. Bxe5 Bxe5 18. Qxe5 Re8 19. Qd4 Rxe2 20. Nb1 Re7 21. Nc3 Rd7 22. Rfe1 Bf5 23. Rac1 Be6 24. Ne2 Ne8 25. Nf4 Nc7 26. Qb6 d4 27. Qxb7 Rb8 28. Nxe6 fxe6 29. Qc6 Kh8 30. Qxa4 Rd6 31. Qa5 Rd7 32. Rc5 Qe7 33. Rec1 Ne8 34. Rc8 Rxc8 35. Rxc8 Kh7 36. Be4+ g6 37. Qh5 Qf7 38. Bxg6+ 1-0

[Event "Ontario op"]
[Site "Brantford CAN"]
[Date "2025.05.17"]
[Round "2"]
[White "Maulucci, Anthony"]
[Black "Hong, Zihan"]
[Result "0-1"]
[WhiteElo "2126"]
[BlackElo "2042"]
[WhiteFideId "-1"]
[WhiteFideId "-1"]
[PlyCount "74"]
[GameId "2182376492183968"]
[EventDate "2025.05.17"]
[EventType "swiss"]
[EventRounds "6"]
[EventCountry "CAN"]

1. d4 Nf6 2. c4 e6 3. Nc3 Bb4 4. e3 b6 5. Bd3 Bb7 6. Nf3 Bxc3+ 7. bxc3 Ne4 8. Qc2 f5 9. Ba3 d6 10. Nd2 Nxd2 11. Qxd2 O-O 12. O-O Nd7 13. f3 Qh4 14. g3 Qg5 15. Rf2 Rf6 16. Re1 Re8 17. c5 dxc5 18. dxc5 Nxc5 19. Bxc5 bxc5 20. Bb5 Ref8 21. Qd7 Qh5 22. Bc6 Bxc6 23. Qxc6 Qe8 24. Qxc7 Qb5 25. Qxa7 R6f7 26. Qa3 Rb8 27. Rd2 Rfb7 28. Red1 Qc4 29. Qa5 Rb1 30. Rd8+ Kf7 31. R8d7+ Kg6 32. Qc7 Rxd1+ 33. Rxd1 Qe2 34. Qxb8 Qxd1+ 35. Kg2 Qe2+ 36. Kh3 Kh5 37. Qb1 g5 0-1